Principles of Ethics (Record no. 18025)

000 -LEADER
fixed length control field 00453nam a22001577a 4500
008 - FIXED-LENGTH DATA ELEMENTS--GENERAL INFORMATION
fixed length control field 210107b ||||| |||| 00| 0 eng d
082 ## - DEWEY DECIMAL CLASSIFICATION NUMBER
Edition number 23rd
Classification number 170
Item number CHA
100 ## - MAIN ENTRY--PERSONAL NAME
Personal name Chatterji, Phanibhushan
245 ## - TITLE STATEMENT
Title Principles of Ethics
250 ## - EDITION STATEMENT
Edition statement 7th ed.
260 ## - PUBLICATION, DISTRIBUTION, ETC. (IMPRINT)
Place of publication, distribution, etc. Calcutta
Name of publisher, distributor, etc. Sri Benoy Ratna Sinha Bharati Printing work
Date of publication, distribution, etc. 1960
300 ## - PHYSICAL DESCRIPTION
Extent 271p.
Dimensions 19cm
521 ## - TARGET AUDIENCE NOTE
Target audience note It Contains Appendix and Index
650 ## - SUBJECT ADDED ENTRY--TOPICAL TERM
Topical term or geographic name as entry element Principles of Ethics
942 ## - ADDED ENTRY ELEMENTS (KOHA)
Source of classification or shelving scheme
Koha item type Reference Books
Holdings
Withdrawn status Lost status Source of classification or shelving scheme Materials specified (bound volume or other part) Damaged status Not for loan Collection code Permanent location Current location Shelving location Date acquired Coded location qualifier Cost, normal purchase price Full call number Barcode Date last seen Price effective from Koha item type
      HB     Donated (দান-বৰঙণী) Maulana Azad Central Library Maulana Azad Central Library Donated Book 2021-01-07 DNT 8.00 170 CHA DNT 195 2021-01-07 2021-01-07 Reference Books

Copyright @ USTM
Techno City, Kiling Road, Baridua, 9th Mile,
Ri-Bhoi, Meghalaya-793101

Powered by Koha